Statistics for Second Languages #4

Click here to take the quiz!

General Stats

  • This quiz has been taken 90 times
  • The average score is 9 of 14

Answer Stats

CountryLanguage% Correct
FranceEnglish
96%
BrazilSpanish
96%
TunisiaFrench
94%
TurkmenistanRussian
88%
South SudanArabic
86%
AlbaniaGreek
72%
CambodiaVietnamese
65%
BelarusBelarusian
61%
HaitiCreole
59%
BoliviaQuechua
52%
United Arab EmiratesPersian
49%
EthiopiaAmharic
48%
NigeriaHausa
33%
Saudi ArabiaTagalog
28%

Score Distribution

Percentile by Number Answered

Percent of People with Each Score

Your Score History

You have not taken this quiz